Stínadla se bouří /
Volné pokračování "Záhady hlavolamu" vypráví o dalších dobrodružstvích chlapecké party.
Uloženo v:
| Série: | Stínadelská trilogie,
část 2 |
|---|---|
| Hlavní autor: | |
| Další autoři: | |
| Médium: | E-kniha |
| Jazyk: | Czech |
| Vydáno: |
V Praze :
Albatros,
2020
|
| Vydání: | 7. samostatné vydání |
| Témata: | |
| Příbuzné jednotky: | Z cyklu::
Stínadelská trilogie |
| Tagy: |
Žádné tagy |
| LEADER | 02524nam a2200493 i 4500 | ||
|---|---|---|---|
| 001 | 311199 | ||
| 003 | CZ PrSKC | ||
| 005 | 20260601215701.0 | ||
| 007 | ta | ||
| 008 | 200513s2020 xr a c 000 f cze | ||
| 015 | |a cnb003217591 | ||
| 020 | |a 9788000058528 |q (vázáno) : |c Kč 399,00 | ||
| 035 | |a (OCoLC)1200256774 | ||
| 040 | |a ABG001 |b cze |d BOA001 |e rda | ||
| 072 | 7 | |a 821.162.3-3 |x Česká próza |2 Konspekt | |
| 072 | 7 | |a 821-93 |x Literatura pro děti a mládež (beletrie) |2 Konspekt | |
| 080 | |a 821.162.3-31 |2 MRF | ||
| 080 | |a 821-93 |2 MRF | ||
| 080 | |a (0:82-311.3) |2 MRF | ||
| 100 | 1 | |a Foglar, Jaroslav, |d 1907-1999 |7 jk01031485 |4 aut | |
| 245 | 1 | 0 | |a Stínadla se bouří / |c Foglar ; ilustroval Jiří Grus |
| 250 | |a 7. samostatné vydání | ||
| 264 | 1 | |a V Praze : |b Albatros, |c 2020 | |
| 300 | |a 263 stran : |b ilustrace (převážně barevné) ; |c 23 cm + |e Obrázky ze Stínadel (16 nečíslovaných stran ; 21 cm) | ||
| 336 | |a text |b txt |2 rdacontent | ||
| 337 | |a bez média |b n |2 rdamedia | ||
| 338 | |a svazek |b nc |2 rdacarrier | ||
| 520 | 2 | |a Volné pokračování "Záhady hlavolamu" vypráví o dalších dobrodružstvích chlapecké party. |b Blíží se volba Velkého Vonta, ve Stínadlech je více než nebezpečno a Rychlé šípy tam přesto podnikají výpravy, častokrát pronikají mezi Vonty a dozvídají se omračující zprávy... Je snad Mirek Dušín uchazečem o Velké Vontství? Kdo se skrývá pod bílou maskou tajemného Široka? Pro koho pracuje Losna, bývalý Velký Vont? | |
| 521 | 8 | |a Pro čtenáře od 9 let | |
| 655 | 7 | |a české romány |7 fd133974 |2 czenas | |
| 655 | 7 | |a dobrodružné romány |7 fd132061 |2 czenas | |
| 655 | 7 | |a publikace pro mládež |7 fd133157 |2 czenas | |
| 655 | 9 | |a Czech fiction |2 eczenas | |
| 655 | 9 | |a adventure novels |2 eczenas | |
| 655 | 9 | |a juvenile literature |2 eczenas | |
| 700 | 1 | |a Grus, Jiří, |d 1978- |7 mzk2005289872 |4 ill | |
| 740 | 0 | 2 | |a Obrázky ze Stínadel |
| 787 | 0 | 8 | |i Z cyklu: |t Stínadelská trilogie |g 2 |
| 900 | |a ABA001 |b 21 | ||
| 928 | 9 | |a Albatros Media - Albatros | |
| 044 | |a xr | ||
| 910 | |a RBIT002 | ||
| 998 | |d 206987 |a https://core.palmknihy.cz/api/books/206987/cover?sko4f5 |b https://core.palmknihy.cz/api/books/206987/cover/400?sko4f5 |c https://core.palmknihy.cz/api/books/206987/cover/50?sko4f5 |e 2030-12-31 |g 256 |i 9788000058528 |j https://core.palmknihy.cz/api/books/206987/preview.epub |k https://core.palmknihy.cz/api/books/206987/preview.pdf |l |q 49 |r 1 |s https://www.palmknihy.cz/kniha/206987 |t ebook |y 2020 |z 0 |v Foglarovky |w 0 | ||
| 999 | |d 311197 | ||